期刊信息 |
| 索取号 |
C55/SHH
|
| 题名 |
社会
|
| 作者 |
《社会》杂志编委会
|
| 分册号 |
|
| 分册名 |
|
| 出版地 |
上海
|
| 出版者 |
上海大学出版社
|
| 标准刊号 |
1004-8804
|
| 出版频率 |
双月刊
|
| 中图法分类 |
C55
|
| 主题词 |
社会科学 连续出版物; 社会科学 期刊
|
| 电子资源 | |
| |
|
| 000 | 00602nas0 2200217 45 | |
| 001 | 0553532671 | |
| 005 | 20121113154237.53 | |
| 011 | @a1004-8804@dCNY12.00 | |
| 092 | @b4-364 | |
| 100 | @a20051012d km y0chiy0120 ea | |
| 101 | 0 | @achi |
| 102 | @aCN@b310000 | |
| 200 | 1 | @a社会@AShe Hui@f《社会》杂志编委会@F《She Hui》Za Zhi Bian Wei Hui |
| 210 | @a上海@c上海大学出版社 | |
| 326 | @a双月刊 | |
| 606 | 0 | @a社会科学@x连续出版物 |
| 606 | 0 | @a社会科学@x期刊 |
| 690 | @aC55@v4 | |
| 711 | 0 | @a《社会》杂志编委会@A《She Hui》Za Zhi Bian Wei Hui |
| 801 | 0 | @aCN@bPFT@c20121113 |
| 905 | @aTJWY@dC55@eSHH | |
| 社会/《社会》杂志编委会.-上海:上海大学出版社 |
| ISSN 1004-8804:CNY12.00 |
| ● |
| 相关链接: |
|
|
|
|